<The> Transactions in the agricultural land market in Slovakia
Právne formy subjektov a ich pomer na transakciách poľnohospodárskej pôdy na Slovensku. Lokálna analýza okresov na základe dát Výskumného inštitútu geodézie a kartografie.
Saved in:
| Main Author: | |
|---|---|
| Other Authors: | |
| Format: | Book Chapter |
| Language: | English |
| Subjects: | |
| Tags: |
No Tags, Be the first to tag this record!
|
MARC
| LEADER | 00000naa a2200000 4500 | ||
|---|---|---|---|
| 001 | 0197603 | ||
| 005 | 20231211071604.2 | ||
| 041 | 0 | |a eng | |
| 044 | |a CZ | ||
| 245 | 1 | 0 | |a <The> Transactions in the agricultural land market in Slovakia |c Štefan Buday, Tatiana Čičová |
| 520 | |a Právne formy subjektov a ich pomer na transakciách poľnohospodárskej pôdy na Slovensku. Lokálna analýza okresov na základe dát Výskumného inštitútu geodézie a kartografie. | ||
| 610 | 2 | 0 | |a Slovensko |
| 610 | 2 | 0 | |a cena pôdy |
| 610 | 2 | 0 | |a pôda poľnohospodárska |
| 610 | 2 | 0 | |a rezidenti |
| 610 | 2 | 0 | |a okresy |
| 100 | 1 | |a Buday, Štefan | |
| 700 | 1 | |a Čičová, Tatiana | |